000 00502nam a2200193Ia 4500
003 OSt
005 20221007082815.0
006 a|||||r|||| 00| 0
007 ta
008 221006b |||||||| |||| 00| 0 eng d
024 _a22,893
037 _cDissertations
040 _aFLL
_cFLL
_beng
041 _2eng
_aeng
100 _aGupta Belu
_9699518
245 0 _aWater pollution and measures of control
_b a critical study.
942 _cDIS
_2CC
999 _c1167796
_d1167796